Central Library OPAC University of Rajshahi

বাংলাদেশী জাতীয়তাবাদ : (Record no. 47767)

MARC details
000 -LEADER
fixed length control field 00913nam a2200229 a 4500
001 - CONTROL NUMBER
control field 47767
003 - CONTROL NUMBER IDENTIFIER
rucl marc code BD-RjUL
005 - DATE AND TIME OF LATEST TRANSACTION
control field 20211209054405.0
008 - FIXED-LENGTH DATA ELEMENTS--GENERAL INFORMATION
fixed length control field 160810s2003 bg ||||| |||| 00| e b d
020 ## - INTERNATIONAL STANDARD BOOK NUMBER
International Standard Book Number 98483000301
Terms of availability : TK. 250.00
035 ## - SYSTEM CONTROL NUMBER
System control number (BD-RjUL)47886
040 ## - CATALOGING SOURCE
Original cataloging agency BD-RjUL
Language of cataloging ben
Transcribing agency BD-RjUL
Modifying agency BD-RjUL
041 ## - LANGUAGE CODE
Language code of text/sound track or separate title ben
082 ## - DEWEY DECIMAL CLASSIFICATION NUMBER
Edition number 23
Classification number 324.2494083
Author mark and year SAB 2003
100 1# - MAIN ENTRY--PERSONAL NAME
Personal name সামাদ, শওকত আরা
9 (RLIN) 145062
245 1# - TITLE STATEMENT
Title বাংলাদেশী জাতীয়তাবাদ :
Remainder of title রাজনীতির বিকাশ ও জনপ্রিয়তা /
Statement of responsibility, etc. শওকত আরা সামাদ
260 ## - PUBLICATION, DISTRIBUTION, ETC. (IMPRINT)
Place of publication, distribution, etc. ঢাকা :
Name of publisher, distributor, etc. কমল কুঁড়ি প্রকাশন,
Date of publication, distribution, etc. ২০০৩.
300 ## - PHYSICAL DESCRIPTION
Pagination ২৮৮ পৃ. ;
Size ২১ সেমি.
650 ## - SUBJECT ADDED ENTRY--TOPICAL TERM
Topical term or geographic name as entry element রাজনৈতিক দলসমূহ
9 (RLIN) 145063
Topical term or geographic name as entry element Political parties
9 (RLIN) 145064
942 ## - ADDED ENTRY ELEMENTS (KOHA)
Source of classification or shelving scheme Dewey Decimal Classification
Koha item type Books
Holdings
Lost status Source of classification or shelving scheme Damaged status Not for loan Collection code Permanent Location Current Location Shelving location Date acquired Source of acquisition Cost, normal purchase price Total Checkouts Full call number Date last seen Copy number Koha item type Date checked out
  Dewey Decimal Classification     Non-fiction Central Library, University of Rajshahi Central Library, University of Rajshahi   06/03/2005 Author 250.00   B 324.2494083 SAB 2003 10/08/2016 C-2 Books  
  Dewey Decimal Classification     Non-fiction Central Library, University of Rajshahi Central Library, University of Rajshahi   06/03/2005 Writer 250.00   B 324.2494083 SAB 2003 20/08/2016 C-3 Books  
  Dewey Decimal Classification     Non-fiction Central Library, University of Rajshahi Central Library, University of Rajshahi   06/03/2005 Lekhok, 250.00 2 B 324.2494083 SAB 2003 14/07/2018 C-4 Books 08/07/2018
  Dewey Decimal Classification   Not For Loan Non-fiction Central Library, University of Rajshahi Central Library, University of Rajshahi Reading Room 06/03/2005 Author. 250.00   B 324.2494083 SAB 2003 12/12/2016 C-1 Books  
  Dewey Decimal Classification     Non-fiction Central Library, University of Rajshahi Central Library, University of Rajshahi   06/03/2005 Author. 250.00   B 324.2494083 SAB 2003 17/12/2016 C-5 Books